|
|
|
|
| LEADER |
00000nam a2200000 a 4500 |
| 005 |
20140128171525.0 |
| 007 |
cr ||||||||||| |
| 008 |
140109s2013 sp s 000 0 spa|c |
| 020 |
|
|
|a 9788490316771 (versi ̤paper)
|
| 035 |
|
|
|a 11730
|
| 040 |
|
|
|d vLex
|
| 090 |
|
|
|c 4670
|d 4670
|
| 245 |
0 |
3 |
|a El principio de igualdad ante el derecho privado
|h [Recurso electrn̤ico] :
|b una visin̤ multidisciplinar
|
| 256 |
|
|
|a Servicio en ln̕ea
|
| 260 |
|
|
|a Madrid :
|b Dykinson,
|c 2013
|
| 300 |
|
|
|a 1 recurso electrn̤ico
|
| 500 |
|
|
|a Este libro pretende reflexionar sobre distintas situaciones de inferioridad, sumisin̤ o dependencia en que se encuentran las mujeres derivadas, en algunos casos, de instituciones de Derecho Privado y ofrece unas bases jurd̕icas en las que apoyar un cambio de tendencia. En estos momentos histr̤icos el principio de igualdad est ̀en el centro de la actualidad y se hace necesario analizar su tratamiento jurd̕ico pb︢lico, como vena̕ siendo tradicional, sino tambiň desde la perspectiva del Derecho Privado. Las contribuciones de la obra, por parte de profesoras de distintas universidades, dan muestra de la variedad de vertientes desde las que se pueden abordar dicho principio. As,̕ en la obra se contempla desde el m̀bito de las relaciones jurd̕ico-privadas, y, no n︢icamente desde el punto de vista civil con connotaciones de Derecho de Familia, sino tambiň desde la vertiente procesal, mercantil, internacional y econm̤ica.
|
| 506 |
1 |
|
|a Contenido solo disponible en los productos indicados
|d vLex Global
|d vLex Global (Academic Edition, excluding Law Schools)
|d vLex Global (U.S. Academic Edition, Law Schools)
|d vLex Global (U.S. Academic Edition, excluding Law Schools)
|d vLex Global (Academic Edition, Law Schools)
|
| 650 |
0 |
4 |
|a Igualdad ante la ley
|
| 650 |
0 |
4 |
|a Derecho civil
|
| 650 |
0 |
4 |
|a Derecho privado
|
| 740 |
0 |
|
|a vLex Libros (Servicio en ln̕ea)
|
| 856 |
4 |
0 |
|z Acceso restringido
|u http://vlex.com/account/login_ip?fuente_http://vlex.com/source/principio-de-igualdad-ante-el-derecho-privado-una-vision-multidisciplinar-11730/
|
| 942 |
|
|
|c BOOK
|
| 999 |
0 |
|
|a Civil law
|
| 999 |
0 |
|
|a Equality before the law
|